000 009570000a22002650004500
090 _aAR
_b01550
245 1 0 _aEvaluación del establecimiento y crecimiento inicial de seis especies maderables asociadas con café
650 1 4 _aAgroforestería
_9476
650 1 4 _aCultivo de café
_917855
650 1 4 _aEnfermedades de las plantas
_948001
650 1 4 _aPlagas
_93536
651 4 _dTurrialba
_pCosta Rica
_992749
653 _gCoffea
_eCoffea arabica
653 _gCordia
_eCordia alliodora
_vLaurel
653 _gJuglans
_eJuglans olancheana
_vnogal
653 _gSwietenia
_eSwietenia macrophylla
_vcaoba
653 _gEucalyptus
_eEucalyptus deglupta
_veucalipto
653 _gCedrela
_eCedrela odorata
_vcedro
041 0 _aEspañol
700 1 _aRamírez, Guillermo
_994907
700 1 _aBlanco Metzler, Helga
_994908
100 1 _aMontenegro, Johnny
_994909
942 _cARTICULO
773 1 _tAgroforestería en las Américas
_3548
_h13
_q14-20
_d1997
_g4
999 _c10631
_d10631